Ochabnutie šmykom zalomenej mostovky oceľového železničného mosta so štrkovým lôžkom

Bibliographic Details
Main Author: Belica, Andrej (Author)
Format: Article
Language:Slovak
Subjects:

MARC

LEADER 00000nab a2200000 a 4500
001 vtls000645429
003 SK-MaSNL
005 20260305000348.0
008 160401c1993 xo 0 slo
015 |a SNBRA19rr/mm-uuuuu 
035 |a CL0645568 
040 |a SNKBUCL  |b slo  |c SNKBUCL  |e AACR2 
041 0 |a slo 
044 |a xo  |c SK 
080 |a 624.21.095:625.1:624.014.2  |2 1981 
080 |a 625.1  |2 1981 
080 |a 624.014.2  |2 1981 
100 1 |a Belica, Andrej  |4 aut  |9 220311 
245 1 0 |a Ochabnutie šmykom zalomenej mostovky oceľového železničného mosta so štrkovým lôžkom  |c Andrej Belica 
300 |b Obr. 4, res. angl., lit. 8 zázn. v češ., slov. 
650 0 7 |a železničné mosty  |2 snkbucl  |9 85464 
655 7 |a články zo zborníkov  |2 snkbucl  |9 166140 
773 0 |z 8071001597  |t Deviata medzinárodná vedecká konferencia  |d Žilina : Vysoká škola dopravy a spojov, 1993  |g S. 27-32 
850 |a Slovenská národná knižnica v Martine  |a MTA001 
852 |a SNK  |b KIS3GCP 
958 |a NB 
958 |a NX 
958 |a RK 
958 |a RZB 
999 |c 3213321  |d 3215251